S očakávaním sledujú naše kroky

Trh finančného poradenstva. Úloha finančného poradcu vo svete. Názory na poradenskú činnosť. Európska asociácia finančných poradcov FECIF. Charakteristika nezávislosti poradcov.

Guardado en:
Detalles Bibliográficos
Autor principal: Poklemba, Pavol
Otros Autores: Škriniar, Pavel, 1979-
Formato: Capítulo de libro
Lenguaje:eslovaco
Materias:
Etiquetas: Agregar Etiqueta
Sin Etiquetas, Sea el primero en etiquetar este registro!

MARC

LEADER 00000naa$a2200000$$$4500
001 0064801
005 20231019084754.5
041 0 |a slo 
044 |a SK 
245 1 0 |a S očakávaním sledujú naše kroky  |c Pavol Poklemba, Pavel Škriniar 
520 |a Trh finančného poradenstva. Úloha finančného poradcu vo svete. Názory na poradenskú činnosť. Európska asociácia finančných poradcov FECIF. Charakteristika nezávislosti poradcov. 
610 2 0 |a poradcovia finanční 
610 2 0 |a asociácie 
610 2 0 |a klienti 
610 2 0 |a Európa 
100 1 |a Poklemba, Pavol 
700 1 |a Škriniar, Pavel, 1979-